Countries Most Similar To Ethiopia - Statistics

General Stats
  • This quiz has been taken 79 times
  • The average score is 13 of 21
Answer Stats
Rank Country Score % Correct
2 Somalia 72.4
97%
11 Kenya 68.8
95%
1 Eritrea 78.1
94%
5 Djibouti 70.1
88%
6 South Sudan 69.7
88%
3 Tanzania 70.5
83%
20 Niger 67.2
81%
7 Uganda 69.3
81%
4 Chad 70.2
73%
18 Rwanda 67.6
72%
20 Burundi 67.2
64%
15 Central African Republic 67.7
58%
15 Mozambique 67.7
50%
18 Cameroon 67.6
45%
9 Togo 68.9
45%
9 Benin 68.9
44%
14 Mauritania 68.0
41%
15 Zimbabwe 67.7
41%
13 Ivory Coast 68.4
39%
12 Guinea 68.5
34%
7 Burkina Faso 69.3
30%
No matching quizzes found
Score Distribution
Percent of People with Each Score
Percentile by Number Answered
Your Score History
You have not taken this quiz